00750nam a2200205 i 4500001000700000003000900007007000300016008004100019100002000060245012100080260003500201300002200236490006200258500006000320650002200380655002500402700002300427830006200450852003200512145514ES-MaACLt|071015s1983 sp ||||1| spa d1 aVenegas, Alejo.10aPrimera parte de las diferencias de libros q[ue] ay en el universo /cAlejo Venegas ; prólogo de Daniel Eisenberg. aBarcelona : bPuvill, c[1983] a1 vol. ; c23 cm.1 aBiblioteca Hispánica "Puvill" ; v3. aSerie Literatura aReprod. facs. de la ed. de Toledo: Juan de Ayala, 1546.17aTeología2embne 72tgfbneaFacsímiles1 aEisenberg, Daniel.0 aBiblioteca Hispánica "Puvill" ; v3. aSerie Literatura aES-MaACLjL-5141 bR.105537